Quiz o Łochowie - Statystyki

Ogólne statystyki
  • Ten quiz został rozwiązany 3 razy
  • Średni wynik to 6 z 12
Statystyki odpowiedzi
Wskazówka Odpowiedź % Poprawnych
Powiat, w którym znajduje się to miasto węgrowski
100%
Wiek, w którym Łochów został założony XIV (1378)
100%
Wiek, w którym Łochów otrzymał prawa miejskie XX (1969)
100%
Na jakiej ziemi leży Łochów? Ziemia {nurska}
67%
Kod pocztowy Łochowa 07-130
33%
Rzeka, która przepływa przez miasto Liwiec
33%
Klub piłkarski tego miasta ŁKS Łochów
33%
Historyczna kraina, na której leży Łochów Mazowsze
33%
Burmistrz Łochowa Robert Gołaszewski
33%
Województwo, w którym leżał Łochów w latach 1975-1998 siedleckie
33%
Dolina, na której leży Łochów Dolina {Dolnego Bugu}
0%
Jak brzmiała poprzednia nazwa stacji kolejowej "Łochów"? Lachow
0%
Nie znaleziono quizów pasujących do podanych kryteriów
Rozkład punktacji
Procent ludzi z każdym wynikiem
Percentyl według liczby udzielonych odpowiedzi
Twoja historia wyników
Nie rozwiązałeś tego quizu